000 00622nam a2200169Ia 4500
008 090201s9999 xx 000 0 und d
010 _aKPL-61573
040 _bमराठी
041 _aमराठी
082 _a37687
_b61573
100 _aगांगल सुमन/ शिवानंद सरस्वती
245 _aपूर्वेचे स्वर
_cगांगल सुमन/ शिवानंद सरस्वती
260 _c2004
_bचिरानि प्रकाशन
300 _a159
_bमोठा
600 _aपूर्वेचे स्वर
942 _cBOOK
999 _c235382
_d235382